[Event "Avoine op 38th"]
[Site "Avoine"]
[Date "2024.07.23"]
[Round "4"]
[White "Deslandes, Pascal"]
[Black "Stephan, Victor"]
[Result "1/2-1/2"]
[WhiteElo "2289"]
[BlackElo "2346"]
[PlyCount "83"]
[EventDate "2024.07.20"]
[EventType "swiss"]
[EventRounds "9"]
[EventCountry "FRA"]
[SourceTitle "EXT 2025"]
[Source "ChessBase"]
[SourceDate "2024.10.14"]
[SourceVersion "1"]
[SourceVersionDate "2024.10.14"]
[SourceQuality "1"]

1. e4 c5 2. Nf3 d6 3. Bb5+ Bd7 4. Bxd7+ Qxd7 5. c4 Nf6 6. Nc3 g6 7. 0-0 Bh6 8. d4 Bxc1 9. Rxc1 cxd4 10. Nd5 Nc6 11. Nxf6+ exf6 12. Nxd4 0-0 13. Re1 Nxd4 14. Qxd4 Qe6 15. b3 b6 16. Rcd1 Rad8 17. h3 Rfe8 18. Re3 Qe5 19. Qd5 Kf8 20. a4 Qxd5 21. Rxd5 Re5 22. Rd4 Ke7 23. f4 Rc5 24. Kf2 Rdc8 25. Red3 R8c6 26. Rd5 a6 27. Ke3 h5 28. g4 hxg4 29. hxg4 a5 30. Kd4 Ke6 31. Rh3 Rc8 32. Rh6 Rg8 33. Rh7 Rgc8 34. Kc3 Ke7 35. Rh6 Ke6 36. f5+ gxf5 37. g5 Rxd5 38. Rxf6+ Ke7 39. exd5 Rh8 40. Rxf5 Rh3+ 41. Kc2 Rg3 42. Kb2 1/2-1/2

[Event "Avoine op 38th"]
[Site "Avoine"]
[Date "2024.07.22"]
[Round "3"]
[White "Deslandes, Pascal"]
[Black "Abergel, Thal"]
[Result "1-0"]
[WhiteElo "2289"]
[BlackElo "2412"]
[PlyCount "95"]
[EventDate "2024.07.20"]
[EventType "swiss"]
[EventRounds "9"]
[EventCountry "FRA"]
[SourceTitle "EXT 2025"]
[Source "ChessBase"]
[SourceDate "2024.10.14"]
[SourceVersion "1"]
[SourceVersionDate "2024.10.14"]
[SourceQuality "1"]

1. e4 c6 2. d4 d5 3. e5 Bf5 4. Nf3 e6 5. Be2 Nd7 6. 0-0 Ne7 7. Nbd2 h6 8. Nb3 Be4 9. Re1 g5 10. Nfd2 Bg6 11. Nf1 c5 12. Nxc5 Nxc5 13. dxc5 Nc6 14. Bd3 Bxd3 15. cxd3 Bxc5 16. Be3 Bxe3 17. Rxe3 Qb6 18. b4 0-0-0 19. Rb1 Kb8 20. Nd2 Nd4 21. a4 Rc8 22. a5 Qb5 23. Nf3 Nf5 24. Re2 g4 25. Ne1 h5 26. Rc2 Nd4 27. Rxc8+ Rxc8 28. g3 a6 29. h3 Rg8 30. hxg4 hxg4 31. Kg2 Nc6 32. d4 Qc4 33. Nc2 Qc3 34. b5 axb5 35. Rxb5 Nxa5 36. Ne3 Nc4 37. Nxg4 Qa3 38. Rb3 Qa2 39. Nf6 Rc8 40. Nd7+ Ka7 41. Kg1 Rc6 42. Rb1 Nb2 43. Qf1 Ra6 44. Nc5 Ra3 45. Qc1 Na4 46. Nxa4 Rxa4 47. Qc5+ Kb8 48. Qd6+ 1-0

[Event "Avoine op 36th"]
[Site "Avoine"]
[Date "2022.07.25"]
[Round "3"]
[White "Ikonnikov, Vyacheslav"]
[Black "Deslandes, Pascal"]
[Result "1-0"]
[WhiteElo "2493"]
[BlackElo "2326"]
[PlyCount "63"]
[EventDate "2022.07.23"]
[EventType "swiss"]
[EventRounds "9"]
[EventCountry "FRA"]
[SourceTitle "CBM 209 Extra"]
[Source "ChessBase"]
[SourceDate "2022.09.30"]
[SourceVersion "1"]
[SourceVersionDate "2022.09.30"]
[SourceQuality "1"]

1. d4 Nf6 2. Nf3 g6 3. c4 Bg7 4. Nc3 d6 5. e4 0-0 6. Be2 e5 7. d5 Na6 8. Be3 Nc5 9. Nd2 a5 10. h4 Bd7 11. h5 c6 12. g4 a4 13. g5 Ne8 14. f3 Qa5 15. a3 Nc7 16. Kf2 cxd5 17. cxd5 Nb5 18. Bxb5 Bxb5 19. Bxc5 dxc5 20. Qg1 Bd3 21. hxg6 hxg6 22. Qh2 Rfd8 23. Nf1 Bxf1 24. Raxf1 b5 25. Kg3 b4 26. Nd1 c4 27. Ne3 Qc5 28. Ng4 Kf8 29. Qh7 Qe7 30. f4 exf4+ 31. Rxf4 Ra6 32. Rhf1 1-0

[Event "Avoine op 34th"]
[Site "Avoine"]
[Date "2019.07.20"]
[Round "2"]
[White "Deslandes, Pascal"]
[Black "Degardin, Sylvain"]
[Result "1-0"]
[WhiteElo "2341"]
[BlackElo "2180"]
[PlyCount "47"]
[EventDate "2019.07.20"]
[EventType "swiss"]
[EventRounds "9"]
[EventCountry "FRA"]
[SourceTitle "EXT 2020"]
[Source "ChessBase"]
[SourceDate "2019.10.17"]
[SourceVersion "1"]
[SourceVersionDate "2019.10.17"]
[SourceQuality "1"]

1. e4 c5 2. c3 d5 3. exd5 Qxd5 4. d4 Nf6 5. Nf3 e6 6. Be3 cxd4 7. cxd4 Bb4+ 8. Nc3 0-0 9. Be2 Bd7 10. 0-0 Bxc3 11. bxc3 Bb5 12. Rb1 Bxe2 13. Qxe2 b6 14. Rb5 Qd6 15. c4 Nc6 16. Rd1 h6 17. g3 Rfd8 18. Bf4 Qe7 19. Qe3 Rac8 20. h3 Na5 21. Bxh6 Nxc4 22. Qg5 Qf8 23. Qh4 Nd6 24. Bxg7 1-0

[Event "Rochefort op 18th Op A"]
[Site "Rochefort"]
[Date "2019.02.16"]
[Round "2.9"]
[White "Deslandes, Pascal"]
[Black "Maisuradze, Nino"]
[Result "1/2-1/2"]
[WhiteElo "2349"]
[BlackElo "2186"]
[PlyCount "62"]
[EventDate "2019.02.16"]
[EventType "swiss"]
[EventRounds "9"]
[EventCountry "FRA"]
[SourceTitle "CBM 189 Extra"]
[Source "ChessBase"]
[SourceDate "2019.05.31"]
[SourceVersion "1"]
[SourceVersionDate "2019.05.31"]
[SourceQuality "1"]

1. e4 c5 2. c3 Nf6 3. e5 Nd5 4. d4 cxd4 5. cxd4 d6 6. Nf3 Nc6 7. Bc4 dxe5 8. dxe5 Ndb4 9. Qb3 e6 10. 0-0 Na5 11. Bb5+ Bd7 12. Qa4 Bxb5 13. Qxb5+ Nac6 14. Nc3 a6 15. Qc4 Qd3 16. Qf4 Be7 17. Be3 Qg6 18. Ne1 Rd8 19. Bb6 Nd5 20. Nxd5 Rxd5 21. Nf3 Rb5 22. Bd4 0-0 23. Bc3 Rd8 24. Rad1 Rbd5 25. Rxd5 Rxd5 26. h3 Bd8 27. Qc4 h6 28. Qb3 Rb5 29. Qc4 Rd5 30. Qb3 Rb5 31. Qc4 Rd5 1/2-1/2

[Event "Avoine op 32nd"]
[Site "Avoine"]
[Date "2017.07.23"]
[Round "2"]
[White "Maloberti, David"]
[Black "Deslandes, Pascal"]
[Result "1/2-1/2"]
[WhiteElo "2161"]
[BlackElo "2356"]
[PlyCount "90"]
[EventDate "2017.07.22"]
[EventType "swiss"]
[EventRounds "9"]
[EventCountry "FRA"]
[SourceTitle "CBM 179 Extra"]
[Source "ChessBase"]
[SourceDate "2017.08.23"]
[SourceVersion "1"]
[SourceVersionDate "2017.08.23"]
[SourceQuality "1"]

1. d4 Nf6 2. c4 g6 3. Nc3 Bg7 4. e4 d6 5. Nf3 0-0 6. Be2 e5 7. 0-0 Nc6 8. d5 Ne7 9. Ne1 Nd7 10. Be3 f5 11. f3 f4 12. Bf2 g5 13. Nd3 Nf6 14. c5 Ng6 15. Rc1 Rf7 16. b4 h5 17. a4 g4 18. a5 g3 19. hxg3 fxg3 20. Bxg3 h4 21. Bf2 Nh5 22. cxd6 cxd6 23. Nb5 Bf8 24. Be3 a6 25. Na3 h3 26. g4 Ng3 27. Rf2 Qh4 28. Kh2 Bd7 29. Qd2 Nf4 30. Bf1 Bxg4 31. Nxf4 exf4 32. Bxf4 Nxe4 33. fxe4 Bh6 34. Bd3 Raf8 35. Rcf1 Bh5 36. Bg3 Qxg3+ 37. Kxg3 Bxd2 38. Rxf7 Rxf7 39. b5 Bxa5 40. bxa6 bxa6 41. Rxf7 Kxf7 42. Bxa6 Bb4 43. Nc2 Bc5 44. Kxh3 Kf6 45. Kg3 Ke5 1/2-1/2

[Event "Avoine op 32nd"]
[Site "Avoine"]
[Date "2017.07.22"]
[Round "5"]
[White "Deslandes, Pascal"]
[Black "Burille, Matthieu"]
[Result "1/2-1/2"]
[WhiteElo "2356"]
[BlackElo "2135"]
[PlyCount "40"]
[EventDate "2017.07.22"]
[EventType "swiss"]
[EventRounds "9"]
[EventCountry "FRA"]
[SourceTitle "CBM 179 Extra"]
[Source "ChessBase"]
[SourceDate "2017.08.23"]
[SourceVersion "1"]
[SourceVersionDate "2017.08.23"]
[SourceQuality "1"]

1. e4 c5 2. c3 d5 3. exd5 Qxd5 4. d4 Nc6 5. Nf3 Bf5 6. Be3 Nf6 7. Na3 cxd4 8. Bc4 Qd7 9. Nxd4 Be4 10. 0-0 e6 11. Ndb5 a6 12. Qxd7+ Kxd7 13. Rfd1+ Kc8 14. Nd4 Bxa3 15. bxa3 Kc7 16. f3 Bg6 17. Bf4+ Kb6 18. Be3 Kc7 19. Bf4+ Kb6 20. Bd6 Rad8 1/2-1/2

[Event "Avoine op 31st"]
[Site "Avoine"]
[Date "2016.07.26"]
[Round "4"]
[White "Coiffait, Pierre Basile"]
[Black "Deslandes, Pascal"]
[Result "1/2-1/2"]
[WhiteElo "2057"]
[BlackElo "2302"]
[PlyCount "83"]
[EventDate "2016.07.23"]
[EventType "swiss"]
[EventRounds "9"]
[EventCountry "FRA"]
[SourceTitle "CBM 173 Extra"]
[Source "ChessBase"]
[SourceDate "2016.08.29"]
[SourceVersion "1"]
[SourceVersionDate "2016.08.29"]
[SourceQuality "1"]

1. e4 e6 2. d4 d5 3. Nd2 c5 4. exd5 Qxd5 5. dxc5 Bxc5 6. Ngf3 Nf6 7. Bc4 Qc6 8. Qe2 0-0 9. 0-0 Nbd7 10. Nb3 b6 11. Nxc5 Qxc5 12. Be3 Qc7 13. c3 Bb7 14. Nd4 Ne5 15. Bf4 Qxc4 16. Bxe5 Qxe2 17. Nxe2 Ne4 18. Rfd1 f6 19. Bf4 e5 20. Be3 Rfd8 21. f3 Nd6 22. b3 Kf7 23. c4 Rac8 24. Nc3 g5 25. a4 Nf5 26. Bf2 Bc6 27. a5 Rxd1+ 28. Nxd1 Nd4 29. axb6 axb6 30. Ra7+ Kg6 31. Bxd4 exd4 32. Kf2 b5 33. Ke2 bxc4 34. bxc4 h5 35. Kd3 g4 36. Nf2 gxf3 37. gxf3 Bxf3 38. Kxd4 Re8 39. Ra3 Bb7 40. Re3 Rd8+ 41. Kc3 Kf5 42. Rh3 1/2-1/2

[Event "Avoine op 31st"]
[Site "Avoine"]
[Date "2016.07.24"]
[Round "2"]
[White "De Lussac, Rainier"]
[Black "Deslandes, Pascal"]
[Result "1/2-1/2"]
[WhiteElo "2121"]
[BlackElo "2302"]
[PlyCount "58"]
[EventDate "2016.07.23"]
[EventType "swiss"]
[EventRounds "9"]
[EventCountry "FRA"]
[SourceTitle "CBM 173 Extra"]
[Source "ChessBase"]
[SourceDate "2016.08.29"]
[SourceVersion "1"]
[SourceVersionDate "2016.08.29"]
[SourceQuality "1"]

1. d4 Nf6 2. Nf3 g6 3. g3 Bg7 4. Bg2 0-0 5. 0-0 d6 6. c4 Nc6 7. Nc3 e5 8. d5 Ne7 9. e4 Nd7 10. Ne1 f5 11. Nd3 Nf6 12. Bg5 Nxe4 13. Nxe4 fxe4 14. Bxe4 Qe8 15. Bxe7 Qxe7 16. Rc1 Bf5 17. Qe2 Qd7 18. c5 Qa4 19. b4 Rf7 20. Rc3 Bxe4 21. Qxe4 Qxa2 22. Rfc1 Raf8 23. R1c2 Qa1+ 24. Kg2 Qd1 25. Re2 Rf3 26. Ra3 Qb1 27. Rb2 Qd1 28. Re2 Qb1 29. Rb2 Qd1 1/2-1/2

[Event "Plancoet op-A 10th"]
[Site "Plancoet"]
[Date "2013.07.28"]
[Round "1"]
[White "Miron, Lucian Costin"]
[Black "Deslandes, Pascal"]
[Result "1/2-1/2"]
[WhiteElo "2544"]
[BlackElo "2279"]
[PlyCount "71"]
[EventDate "2013.07.28"]
[EventType "swiss"]
[EventRounds "9"]
[EventCountry "FRA"]
[SourceTitle "EXT 2017"]
[Source "ChessBase"]
[SourceDate "2016.10.25"]
[SourceVersion "1"]
[SourceVersionDate "2016.10.25"]
[SourceQuality "1"]

1. d4 Nf6 2. c4 g6 3. Nf3 Bg7 4. g3 0-0 5. Bg2 d6 6. 0-0 Nc6 7. Nc3 e5 8. d5 Ne7 9. e4 Nd7 10. Ne1 f5 11. Nd3 Nf6 12. Bg5 h6 13. Bxf6 Bxf6 14. f4 Kh7 15. fxe5 dxe5 16. Qe2 c6 17. Rad1 cxd5 18. cxd5 Bd7 19. Kh1 Rc8 20. Rc1 Bg7 21. Qe3 fxe4 22. Rxf8 Qxf8 23. Nc5 Nf5 24. Nxd7 Nxe3 25. Nxf8+ Bxf8 26. Bxe4 Nc4 27. Ne2 Nd6 28. Rxc8 Nxc8 29. Kg2 Nd6 30. Kf3 Kg7 31. b3 Kf6 32. Nc3 Be7 33. Na4 Nf7 34. Nc3 Nd6 35. Na4 Nf7 36. Nc3 1/2-1/2

[Event "FRA-chT2 1011"]
[Site "France"]
[Date "2010.11.13"]
[Round "2.1"]
[White "Vareille, Francois"]
[Black "Deslandes, Pascal"]
[Result "1-0"]
[WhiteElo "2381"]
[BlackElo "2282"]
[PlyCount "55"]
[EventDate "2010.10.17"]
[EventType "team-tourn"]
[EventRounds "11"]
[EventCountry "FRA"]
[SourceTitle "EXT 2012"]
[Source "ChessBase"]
[SourceDate "2011.11.24"]
[SourceVersion "1"]
[SourceVersionDate "2011.11.24"]
[SourceQuality "1"]

1. d4 Nf6 2. c4 g6 3. g3 Bg7 4. Bg2 0-0 5. Nc3 d6 6. Nf3 Nc6 7. 0-0 e5 8. d5 Ne7 9. e4 Bd7 10. Ne1 Ne8 11. Nd3 f5 12. f4 exf4 13. Bxf4 fxe4 14. Nxe4 Nf6 15. Nxf6+ Bxf6 16. Qd2 Nf5 17. g4 Nh4 18. Bh6 Rf7 19. Nf2 Nxg2 20. Kxg2 Be5 21. Bg5 Bf6 22. Ne4 Bxg5 23. Nxg5 Rg7 24. Kg3 Qe8 25. Rae1 Re7 26. Nf7 Re4 27. Nh6+ Kg7 28. Rxe4 1-0

[Event "FRA-chT2 North 0809"]
[Site "France"]
[Date "2009.04.05"]
[Round "11.3"]
[White "Deslandes, Pascal"]
[Black "Jens, Jelmer"]
[Result "1-0"]
[WhiteElo "2307"]
[BlackElo "2370"]
[PlyCount "71"]
[EventDate "2008.10.19"]
[EventType "tourn"]
[EventRounds "11"]
[EventCountry "FRA"]
[SourceTitle "EXT 2010"]
[Source "ChessBase"]
[SourceDate "2010.11.25"]
[SourceVersion "1"]
[SourceVersionDate "2010.11.25"]
[SourceQuality "1"]
[WhiteTeam "Le Vesinet"]
[BlackTeam "Noyon II"]
[WhiteTeamCountry "FRA"]
[BlackTeamCountry "FRA"]

1. e4 c5 2. c3 d5 3. exd5 Qxd5 4. d4 Nf6 5. Nf3 e6 6. Bd3 Be7 7. 0-0 0-0 8. Be3 Nc6 9. a3 Rd8 10. Qe2 b6 11. Nbd2 cxd4 12. cxd4 Bb7 13. Rfd1 Ng4 14. Rac1 Nxe3 15. fxe3 Qh5 16. Ba6 Bxa6 17. Qxa6 Qd5 18. Qb7 Rdc8 19. Ne5 Bg5 20. Rxc6 Bxe3+ 21. Kh1 Rf8 22. Ndf3 f6 23. Nd7 Rfd8 24. Rc7 Qf5 25. d5 e5 26. Qc6 e4 27. Nh4 Qg4 28. Qe6+ Qxe6 29. dxe6 Bf2 30. Nf5 e3 31. Rc2 Re8 32. Nd4 Rac8 33. Rxc8 Rxc8 34. g3 Rc4 35. Kg2 h5 36. Kf3 1-0

[Event "FRA-chT2 North 0809"]
[Site "France"]
[Date "2009.01.17"]
[Round "5.1"]
[White "Roeder, Matthias"]
[Black "Deslandes, Pascal"]
[Result "1-0"]
[WhiteElo "2429"]
[BlackElo "2325"]
[PlyCount "93"]
[EventDate "2008.10.19"]
[EventType "tourn"]
[EventRounds "11"]
[EventCountry "FRA"]
[SourceTitle "EXT 2010"]
[Source "ChessBase"]
[SourceDate "2010.11.25"]
[SourceVersion "1"]
[SourceVersionDate "2010.11.25"]
[SourceQuality "1"]
[WhiteTeam "Le Touquet"]
[BlackTeam "Le Vesinet"]
[WhiteTeamCountry "FRA"]
[BlackTeamCountry "FRA"]

1. Nf3 Nf6 2. c4 g6 3. Nc3 Bg7 4. e4 d6 5. d4 0-0 6. h3 e5 7. d5 Nbd7 8. Be3 Nc5 9. Nd2 a5 10. a3 Nfd7 11. g4 Bf6 12. Qf3 Bg5 13. h4 Bf4 14. Bxf4 exf4 15. Qxf4 Ne5 16. Qe3 Nxg4 17. Be2 h5 18. f4 Re8 19. 0-0-0 Qf6 20. Bxg4 Bxg4 21. Rdf1 Qd4 22. f5 Nd3+ 23. Kc2 Ne5 24. Nb5 Qc5 25. Qf2 Qxf2 26. Rxf2 Re7 27. Kc3 Rd7 28. Nd4 c6 29. a4 Rc8 30. b3 Re7 31. Rg1 Nd7 32. Nc2 Kg7 33. Ne3 Nf6 34. Kd4 Rce8 35. Rf4 Re5 36. Rgf1 Nh7 37. fxg6 fxg6 38. Rf7+ Kh6 39. Rxb7 c5+ 40. Kd3 g5 41. Rff7 Nf8 42. Rf6+ Ng6 43. Nxg4+ hxg4 44. h5 g3 45. hxg6 g4 46. g7+ Kg5 47. Rf8 1-0

[Event "FRA-chT2 North 0809"]
[Site "France"]
[Date "2008.11.23"]
[Round "3.2"]
[White "Houriez, Clement"]
[Black "Deslandes, Pascal"]
[Result "1/2-1/2"]
[WhiteElo "2245"]
[BlackElo "2299"]
[PlyCount "68"]
[EventDate "2008.10.19"]
[EventType "tourn"]
[EventRounds "11"]
[EventCountry "FRA"]
[SourceTitle "EXT 2010"]
[Source "ChessBase"]
[SourceDate "2010.11.25"]
[SourceVersion "1"]
[SourceVersionDate "2010.11.25"]
[SourceQuality "1"]
[WhiteTeam "Fenain Hornaing"]
[BlackTeam "Le Vesinet"]
[WhiteTeamCountry "FRA"]
[BlackTeamCountry "FRA"]

1. e4 e6 2. d4 d5 3. Nc3 Bb4 4. e5 c5 5. a3 Bxc3+ 6. bxc3 Ne7 7. Qg4 0-0 8. Bd3 f5 9. exf6 Rxf6 10. Qh5 g6 11. Qd1 Nbc6 12. Nf3 Qf8 13. 0-0 h6 14. a4 Qg7 15. Ba3 c4 16. Be2 Bd7 17. Qb1 b6 18. Bd6 g5 19. a5 b5 20. Be5 Nxe5 21. Nxe5 Ng6 22. Nxd7 Qxd7 23. a6 Nf4 24. Bd1 Raf8 25. Ra5 Qf7 26. f3 g4 27. Rxb5 Qg6 28. Rb8 Nxg2 29. Rxf8+ Rxf8 30. Kxg2 gxf3+ 31. Kf2 Qg2+ 32. Ke1 f2+ 33. Ke2 Qe4+ 34. Kd2 Qf4+ 1/2-1/2